Biggest North American Cities within 100 Km - Statistics

General Stats
  • This quiz has been taken 2,105 times
    2,088 since last reset
  • The average score is 121 of 385
Answers on the Map
Answers color-coded by a green-red scale on the quiz's map according to % correct below.
 
Answer Stats
Country Dist to larger Lat Lon Pop City % Correct
United States 3,360,952 40.74997906 -73.98001693 22,000,000 New York
93%
United States 2,479,925 33.98997825 -118.1799805 17,600,000 Los Angeles
91%
United States 1,484,907 25.7876107 -80.22410608 6,100,000 Miami
91%
United States 299,564 42.32996014 -71.07001367 7,350,000 Boston
89%
United States 1,158,410 41.82999066 -87.75005497 9,800,000 Chicago
89%
United States 1,282,510 32.82002382 -96.84001693 6,550,000 Dallas
89%
United States 1,092,021 47.57000205 -122.339985 4,075,000 Seattle
89%
Canada 541,558 43.69997988 -79.42002079 7,100,000 Toronto
89%
United States 567,800 37.74000775 -122.4599777 7,600,000 San Francisco
88%
Canada 198,053 49.27341658 -123.1216442 2,500,000 Vancouver
88%
United States 159,658 32.82002382 -117.1799899 3,275,000 San Diego
87%
United States 334,903 42.32996014 -83.08005579 5,700,000 Detroit
86%
United States 361,966 29.81997438 -95.33997929 6,200,000 Houston
86%
United States 229,366 45.52002382 -122.6799901 2,275,000 Portland
86%
United States 122,210 43.66147 -70.25533 66,194 Portland
86%
United States 2,134,851 61.21806 -149.90028 291,826 Anchorage
85%
United States 934,666 39.73918805 -104.984016 3,525,000 Denver
84%
United States 365,334 36.20999778 -115.2200061 2,075,000 Las Vegas
84%
United States 130,951 39.99997316 -75.16999597 7,300,000 Philadelphia
84%
United States 326,404 27.94698793 -82.45862085 4,025,000 Tampa
84%
United States 330,834 38.89954938 -77.00941858 8,350,000 Washington
84%
United States 869,150 33.83001385 -84.39994938 5,500,000 Atlanta
83%
Canada 405,920 45.49999921 -73.58329696 4,100,000 Montréal
83%
United States 122,884 28.50997683 -81.38003036 3,075,000 Orlando
83%
United States 568,130 33.53997988 -112.0699917 4,325,000 Phoenix
83%
United States 113,680 30.26694969 -97.74277836 1,740,000 Austin
82%
United States 120,946 35.61452 -88.81395 65,211 Jackson
81%
United States 224,705 32.29876 -90.18481 173,514 Jackson
81%
United States 566,420 44.97997927 -93.25178634 3,050,000 Minneapolis
81%
United States 512,174 29.99500246 -90.03996688 1,010,000 New Orleans
81%
Canada 165,814 45.4166968 -75.7000153 1,180,000 Ottawa
80%
United States 203,691 30.33002077 -81.66998682 1,320,000 Jacksonville
79%
United States 382,302 39.10708851 -94.60409422 1,920,000 Kansas City
79%
United States 601,835 40.7750163 -111.9300519 2,300,000 Salt Lake City
79%
United States 126,957 38.57502138 -121.4700381 1,980,000 Sacramento
78%
United States 308,858 29.48733319 -98.50730534 2,050,000 San Antonio
78%
Canada 675,973 51.08299176 -114.0799982 1,420,000 Calgary
77%
United States 361,509 35.20499453 -80.83003809 2,275,000 Charlotte
77%
United States 149,439 41.4699868 -81.69499821 3,075,000 Cleveland
77%
Canada 277,347 53.55002464 -113.4999819 1,270,000 Edmonton
77%
United States 300,541 35.47004295 -97.51868351 1,090,000 Oklahoma City
77%
United States 101,094 42.87997825 -78.88000208 1,350,000 Buffalo
76%
United States 872,967 58.30194 -134.41972 31,275 Juneau
76%
United States 413,186 38.63501772 -90.23998051 2,350,000 Saint Louis
76%
United States 155,359 39.97997438 -82.9900096 1,640,000 Columbus
75%
United States 161,251 39.74998842 -86.17004806 1,910,000 Indianapolis
75%
United States 338,493 36.16997438 -86.77998499 1,360,000 Nashville
75%
United States 183,589 40.4299986 -79.99998539 2,075,000 Pittsburgh
74%
United States 347,521 39.16188479 -84.45692265 2,725,000 Cincinnati
73%
Canada 233,633 46.81228 -71.21454 528,595 Quebec
73%
United States 136,533 43.05265505 -87.91996708 1,540,000 Milwaukee
72%
United States 366,745 35.08449 -106.65114 545,852 Albuquerque
71%
United States 314,011 35.1199868 -89.99999516 1,150,000 Memphis
71%
United States 209,610 35.81878135 -78.64469344 1,490,000 Raleigh
70%
Canada 619,204 49.8844 -97.14704 632,063 Winnipeg
70%
United States 459,731 43.6135 -116.20345 145,987 Boise
68%
United States 113,911 42.65258 -73.75623 97,856 Albany
66%
United States 125,511 31.57851 -84.15574 77,434 Albany
66%
Canada 641,432 44.64533 -63.57239 359,111 Halifax
66%
United States 153,119 38.22501691 -85.74870427 1,040,000 Louisville
65%
United States 117,594 30.45075 -91.15455 229,493 Baton Rouge
64%
United States 264,519 41.25861 -95.93779 408,958 Omaha
64%
United States 151,817 37.55001935 -77.449986 1,030,000 Richmond
64%
United States 418,272 64.83778 -147.71639 31,535 Fairbanks
63%
United States 225,420 33.52066 -86.80249 212,237 Birmingham
61%
United States 101,483 38.83388 -104.82136 416,427 Colorado Springs
61%
United States 173,345 32.22174 -110.92648 520,116 Tucson
61%
United States 244,572 36.85321433 -75.97831873 1,610,000 Virginia Beach
61%
United States 134,133 32.77657 -79.93092 120,083 Charleston
60%
Canada 591,492 47.56494 -52.70931 99,182 Saint John's
60%
United States 157,361 36.15398 -95.99278 391,906 Tulsa
60%
United States 147,075 41.77002016 -72.67996708 1,700,000 Hartford
59%
United States 178,280 39.52963 -119.8138 225,221 Reno
59%
United States 304,716 46.80833 -100.78374 61,272 Bismarck
58%
United States 123,879 32.46098 -84.98771 189,885 Columbus
58%
United States 190,045 36.74773 -119.77237 494,665 Fresno
58%
United States 162,753 24.5557 -81.78259 24,649 Key West
58%
United States 138,893 39.80172 -89.64371 116,250 Springfield
58%
United States 230,120 37.21533 -93.29824 159,498 Springfield
58%
United States 105,075 33.47097 -81.97484 43,459 Augusta
57%
United States 198,310 41.60054 -93.60911 203,433 Des Moines
57%
United States 195,382 27.80058 -97.39638 305,215 Corpus Christi
56%
United States 207,495 34.74648 -92.28959 193,524 Little Rock
56%
United States 234,123 30.43826 -84.28073 181,376 Tallahassee
56%
United States 113,902 44.02163 -92.4699 106,769 Rochester
55%
United States 107,164 43.15478 -77.61556 210,565 Rochester
55%
United States 331,916 47.65966 -117.42908 208,916 Spokane
55%
United States 208,557 37.69224 -97.33754 382,368 Wichita
55%
United States 335,439 46.87719 -96.7898 105,549 Fargo
54%
United States 120,680 43.07305 -89.40123 233,209 Madison
54%
United States 207,063 30.69436 -88.04305 195,111 Mobile
53%
United States 136,321 32.36681 -86.29997 205,764 Montgomery
53%
Canada 659,790 62.456 -114.35255 15,865 Yellowknife
53%
Denmark 1,437,609 64.18347 -51.72157 14,798 Nuuk
52%
Canada 232,749 50.45008 -104.6178 176,183 Regina
52%
United States 262,150 43.54997 -96.70033 153,888 Sioux Falls
52%
Canada 487,195 52.11679 -106.63452 198,958 Saskatoon
51%
United States 201,272 32.08354 -81.09983 136,286 Savannah
50%
United States 593,815 45.78329 -108.50069 104,170 Billings
49%
United States 175,751 38.95171 -92.33407 108,500 Columbia
49%
United States 134,909 34.00071 -81.03481 129,272 Columbia
49%
United States 149,259 40.27359987 -76.88474919 1,300,000 Harrisburg
48%
United States 117,821 28.80527 -97.0036 62,592 Victoria
48%
Canada 271,330 60.71611 -135.05375 23,272 Whitehorse
48%
United States 218,271 46.78327 -92.10658 86,265 Duluth
47%
United States 126,002 42.12922 -80.08506 101,786 Erie
47%
United States 182,704 42.96336 -85.66809 188,040 Grand Rapids
47%
United States 163,139 44.51916 -88.01983 104,057 Green Bay
47%
United States 120,101 43.04812 -76.14742 145,170 Syracuse
47%
United States 182,397 35.222 -101.8313 190,695 Amarillo
46%
United States 162,842 35.37329 -119.01871 347,483 Bakersfield
45%
United States 230,465 35.96064 -83.92074 178,874 Knoxville
45%
Canada 439,661 48.38202 -89.25018 99,334 Thunder Bay
45%
United States 107,904 36.07000633 -79.80002344 1,090,000 Greensboro
44%
United States 191,092 44.36832 -100.35097 13,646 Pierre
44%
United States 114,765 38.0498 -84.45855 295,803 Lexington-Fayette
43%
United States 433,416 33.57786 -101.85517 229,573 Lubbock
43%
United States 166,275 44.05207 -123.08675 156,185 Eugene
42%
United States 453,621 64.50111 -165.40639 3,598 Nome
41%
Canada 256,618 46.51677 -84.33325 74,948 Sault Ste. Marie
41%
United States 807,545 71.29058 -156.78872 4,212 Barrow
39%
United States 144,314 41.1306 -85.12886 253,691 Fort Wayne
38%
United States 274,190 32.52515 -93.75018 199,311 Shreveport
38%
United States 218,514 26.20303754 -98.22972538 1,270,000 McAllen
37%
United States 138,369 44.80118 -68.77781 33,039 Bangor
36%
United States 121,808 35.04563 -85.30968 167,674 Chattanooga
36%
United States 184,836 35.19807 -111.65127 65,870 Flagstaff
34%
United States 151,671 40.80207 -124.16367 27,191 Eureka
33%
Canada 821,687 63.75059 -68.51449 6,124 Iqaluit
33%
United States 261,197 46.87215 -113.994 66,788 Missoula
33%
United Kingdom 1,083,559 32.38167 -64.67806 1,896 Saint George's
33%
United States 249,266 43.46658 -112.03414 56,813 Idaho Falls
32%
Canada 286,875 50.36386 -119.34997 297,601 Kelowna (Kamloops)
32%
United States 152,143 26.56285 -81.94953 154,305 Cape Coral
31%
United States 228,194 42.86663 -106.31308 55,316 Casper
31%
United States 417,192 44.08054 -103.23101 67,956 Rapid City
31%
United States 224,606 40.58654 -122.39168 89,861 Redding
31%
United States 119,181 42.49999 -96.40031 82,684 Sioux City
31%
United States 299,693 57.79 -152.40722 6,130 Kodiak
30%
Canada 130,027 46.23525 -63.12671 42,402 Charlottetown
29%
United States 125,471 34.22573 -77.94471 106,476 Wilmington
29%
United States 169,463 42.00833 -91.64407 126,326 Cedar Rapids
28%
United States 296,671 39.06387 -108.55065 58,566 Grand Junction
28%
United States 135,663 34.73037 -86.5861 180,105 Huntsville
28%
United States 122,887 32.84069 -83.6324 91,351 Macon
28%
United States 228,544 32.44874 -99.73314 117,063 Abilene
27%
United States 141,948 44.05817 -121.31531 76,639 Bend
27%
United States 176,517 31.99735 -102.07791 111,147 Midland
27%
Canada 312,782 46.1351 -60.1831 105,968 Sydney
27%
Canada 134,017 44.22976 -76.48098 114,195 Kingston
26%
Canada 136,026 46.11594 -64.80186 87,467 Moncton
26%
Canada 397,894 53.9166 -122.75301 65,558 Prince George
26%
United States 112,058 41.68338 -86.25001 101,168 South Bend
26%
Canada 377,827 56.72676 -111.38103 76,000 Fort McMurray
25%
United States 215,720 47.50024 -111.30081 58,505 Great Falls
25%
United States 120,724 30.15946 -85.65983 36,484 Panama City
25%
Canada 133,110 52.26682 -113.802 73,593 Red Deer
25%
United States 197,868 45.67965 -111.03856 37,280 Bozeman
24%
Canada 234,031 60.00029 -111.88543 2,364 Fort Smith
24%
United States 146,085 35.38592 -94.39855 86,209 Fort Smith
24%
United States 116,505 35.61266 -77.36635 84,554 Greenville
24%
United States 125,836 33.41012 -91.06177 34,400 Greenville
24%
United States 242,822 33.39427 -104.52302 48,366 Roswell
24%
Canada 207,506 45.27271 -66.06766 87,857 Saint John
24%
United States 121,683 46.00382 -112.53474 34,190 Butte
23%
United States 103,738 41.52364 -90.57764 99,685 Davenport
23%
United States 117,958 47.92526 -97.03285 52,838 Grand Forks
23%
United States 230,218 46.54354 -87.39542 21,355 Marquette
23%
United States 157,455 46.60207 -120.5059 91,067 Yakima
23%
United States 127,224 31.31129 -92.44514 47,723 Alexandria
22%
United States 129,852 35.60095 -82.55402 83,393 Asheville
22%
United States 115,568 30.08605 -94.10185 118,296 Beaumont
22%
Canada 307,728 52.94626 -66.91137 10,313 Labrador City
22%
Canada 159,384 50.05006 -110.66834 63,138 Medicine Hat
22%
United States 162,978 48.23251 -101.29627 40,888 Minot
22%
Canada 113,729 54.31507 -130.32098 14,708 Prince Rupert
22%
United States 149,314 57.05306 -135.33 8,881 Sitka
22%
Canada 114,624 46.34515 -72.5477 119,693 Trois-Rivieres
22%
Canada 201,771 49.84692 -99.95306 26,234 Brandon
21%
Canada 284,409 64.06252 -139.42629 1,319 Dawson City
21%
United States 160,563 37.97476 -87.55585 117,429 Evansville
21%
United States 132,748 37.27097 -79.94143 97,032 Roanoke
21%
Canada 178,740 48.41675 -71.06573 143,692 Saguenay
21%
United States 128,223 30.62798 -96.33441 93,857 College Station
20%
United States 116,986 44.81135 -91.49849 65,883 Eau Claire
20%
United States 220,661 40.83242 -115.76312 18,297 Elko
20%
United States 142,566 55.34222 -131.64611 8,050 Ketchikan
20%
Canada 127,447 45.40008 -71.89908 129,447 Sherbrooke
20%
United States 103,612 33.42512 -94.04769 36,411 Texarkana
20%
United States 146,347 44.76306 -85.62063 14,674 Traverse City
20%
Canada 291,024 55.16667 -118.80271 41,462 Grande Prairie
19%
Canada 709,803 68.34986 -133.72181 3,022 Inuvik
19%
United States 192,469 42.32652 -122.87559 74,907 Medford
19%
United States 130,329 32.35126 -95.30106 96,900 Tyler
19%
United States 148,197 33.91371 -98.49339 104,553 Wichita Falls
19%
United States 204,484 45.4647 -98.48648 26,091 Aberdeen
18%
United States 573,814 60.79222 -161.75583 6,080 Bethel
18%
United States 106,333 39.72849 -121.83748 86,187 Chico
18%
Canada 341,212 48.95001 -57.95202 18,693 Corner Brook
18%
United States 820,416 53.8898 -166.5422 4,376 Dutch Harbor
18%
United States 212,833 36.72806 -108.21869 45,877 Farmington
18%
Canada 205,015 48.83341 -64.48194 14,819 Gaspe
18%
Canada 175,136 49.69999 -112.81856 70,617 Lethbridge
18%
Canada 134,057 53.20008 -105.76772 34,609 Prince Albert
18%
United States 137,259 34.95303 -120.43572 99,553 Santa Maria
18%
Canada 585,402 55.7435 -97.85579 12,467 Thompson
18%
Canada 221,303 48.46686 -81.33312 42,997 Timmins
18%
United States 168,596 42.56297 -114.46087 44,125 Twin Falls
18%
United States 105,563 30.8327 -83.27849 54,518 Valdosta
18%
United States 131,051 40.51868 -78.39474 46,320 Altoona
17%
Canada 254,300 46.49 -80.99001 157,857 Greater Sudbury
17%
Canada 442,176 53.31685 -60.33153 7,572 Happy Valley-Goose Bay
17%
United States 151,547 32.50931 -92.1193 48,815 Monroe
17%
United States 127,894 31.46377 -100.43704 93,200 San Angelo
17%
United States 104,039 31.32712 -89.29034 45,989 Hattiesburg
16%
United States 113,854 46.21125 -119.13723 73,917 Kennewick
16%
United States 296,760 66.89833 -162.59667 3,201 Kotzebue
16%
United States 182,742 34.4839 -114.32245 52,527 Lake Havasu City
16%
Canada 118,738 46.3168 -79.46633 50,170 North Bay
16%
Canada 853,164 62.81732 -92.08324 2,334 Rankin Inlet
16%
United States 111,771 34.25761 -88.70339 34,546 Tupelo
16%
United States 124,647 40.11642 -88.24338 81,055 Champaign
15%
United States 268,576 59.03972 -158.4575 2,329 Dillingham
15%
United States 186,718 37.7528 -100.01708 27,340 Dodge City
15%
Canada 251,820 49.78334 -92.75032 8,195 Dryden
15%
Canada 670,389 68.62602 -95.87836 1,109 Gjoa Haven
15%
United States 141,902 40.92501 -98.34201 48,520 Grand Island
15%
United States 117,455 38.44957 -78.86892 48,914 Harrisonburg
15%
United States 137,844 46.91054 -98.70844 15,427 Jamestown
15%
United States 101,810 43.80136 -91.23958 51,320 La Crosse
15%
United States 219,780 41.58746 -109.2029 23,036 Rock Springs
15%
Canada 235,734 48.10018 -77.7828 31,123 Val-d'Or
15%
Canada 496,582 70.46916 -68.59143 1,017 Clyde River
14%
United States 146,368 44.52634 -109.05653 9,520 Cody
14%
Canada 305,330 58.80533 -122.7002 4,514 Fort Nelson
14%
United States 149,110 48.19579 -114.31291 19,927 Kalispell
14%
United States 140,719 46.41655 -117.01766 31,894 Lewiston
14%
Canada 127,372 53.28346 -110.00157 15,910 Lloydminster
14%
United States 127,711 32.36431 -88.70366 41,148 Meridian
14%
United States 149,489 41.12389 -100.76542 24,733 North Platte
14%
Canada 188,114 48.44879 -68.52396 42,240 Rimouski
14%
United States 128,503 44.79719 -106.95618 17,444 Sheridan
14%
Canada 387,329 54.51634 -128.60345 19,443 Terrace
14%
United States 159,542 45.06168 -83.43275 10,483 Alpena
13%
United States 134,379 47.47356 -94.88028 13,431 Bemidji
13%
United States 107,284 32.42067 -104.22884 26,138 Carlsbad
13%
United States 154,830 34.4048 -103.20523 37,775 Clovis
13%
United States 123,858 31.22323 -85.39049 65,496 Dothan
13%
United States 171,277 44.29109 -105.50222 29,087 Gillette
13%
United States 119,739 59.23591 -135.44435 1,713 Haines
13%
United States 138,842 38.87918 -99.32677 20,510 Hays
13%
Canada 252,605 58.51688 -117.13605 3,621 High Level
13%
Denmark 275,657 69.21667 -51.1 4,413 Ilulissat
13%
Canada 599,889 67.82743 -115.09649 1,302 Kugluktuk
13%
Canada 211,884 48.7501 -86.43322 4,627 Marathon
13%
Canada 432,816 65.28201 -126.8329 1,027 Norman Wells
13%
United States 101,976 39.26674 -81.56151 31,492 Parkersburg
13%
United States 101,647 34.54002 -112.4685 39,843 Prescott
13%
United States 364,978 55.33655 -160.4988 976 Sand Point
13%
Canada 167,928 50.20011 -66.38208 22,582 Sept-Iles
13%
Denmark 320,206 66.93946 -53.6735 5,227 Sisimiut
13%
Canada 301,704 53.82509 -101.25413 6,055 The Pas
13%
United States 125,817 63.33667 -142.98556 1,258 Tok
13%
Denmark 274,508 72.78684 -56.15485 1,129 Upernavik
13%
United States 156,803 61.13083 -146.34833 3,976 Valdez
13%
Canada 357,193 60.06349 -128.70893 1,547 Watson Lake
13%
Canada 141,932 43.83345 -66.11557 7,500 Yarmouth
13%
Canada 133,537 50.01634 -125.24459 33,430 Campbell River
12%
United States 140,854 37.30588 -89.51815 37,941 Cape Girardeau
12%
United States 174,699 39.24744 -114.88863 4,255 Ely
12%
Canada 112,775 67.43863 -134.88543 1,069 Fort McPherson
12%
United States 141,255 35.52808 -108.74258 21,678 Gallup
12%
United States 188,750 48.19696 -106.63671 3,250 Glasgow
12%
United States 119,458 32.70261 -103.13604 34,122 Hobbs
12%
United States 247,701 61.53111 -166.09667 1,093 Hooper Bay
12%
United States 110,226 47.12187 -88.56901 7,708 Houghton
12%
United States 100,910 31.56044 -91.40317 15,792 Natchez
12%
Denmark 240,924 61.99402 -49.66776 1,862 Paamiut
12%
Canada 297,948 66.14511 -65.71252 1,320 Pangnirtung
12%
Denmark 484,922 60.71667 -46.03333 3,224 Qaqortoq
12%
United States 165,960 37.10415 -113.58412 72,897 Saint George
12%
France 238,827 46.77914 -56.1773 6,200 Saint-Pierre
12%
Denmark 662,941 65.61451 -37.63676 1,829 Tasiilaq
12%
United States 123,692 44.95914 -89.63012 39,106 Wausau
12%
Canada 201,714 52.14153 -122.14451 14,168 Williams Lake
12%
United States 100,684 32.89953 -105.96026 30,403 Alamogordo
11%
Canada 132,068 54.46525 -110.18154 11,595 Cold Lake
11%
Canada 145,051 51.14941 -100.05023 8,418 Dauphin
11%
United States 145,020 46.87918 -102.78962 17,787 Dickinson
11%
Canada 104,496 47.3737 -68.32512 16,643 Edmundston
11%
Canada 112,262 54.76824 -101.86497 6,002 Flin Flon
11%
Canada 176,493 56.24988 -120.85292 17,402 Fort St. John
11%
Canada 198,254 60.81555 -115.79993 3,400 Hay River
11%
United States 118,445 63.8738 -148.99727 1,021 Healy
11%
Canada 212,005 53.40009 -117.58567 9,889 Hinton
11%
Canada 210,295 55.10013 -105.28422 3,071 La Ronge
11%
United States 103,918 31.33824 -94.7291 35,067 Lufkin
11%
United States 199,095 46.40834 -105.84056 8,410 Miles City
11%
United States 108,744 43.70943 -98.0298 15,254 Mitchell
11%
Canada 109,866 49.49985 -117.28553 9,813 Nelson
11%
United States 119,029 48.41099 -119.52755 4,845 Omak
11%
United States 147,013 56.8125 -132.95556 2,948 Petersburg
11%
United States 135,134 39.9356 -91.40987 40,633 Quincy
11%
United States 116,293 32.83395 -109.70758 9,566 Safford
11%
Canada 245,022 51.22602 -58.65017 3,961 Saint-Augustin
11%
United States 125,623 41.86663 -103.66717 15,039 Scottsbluff
11%
United States 128,940 38.06716 -117.23008 2,478 Tonopah
11%
United States 100,842 33.1284 -107.25281 6,475 Truth or Consequences
11%
United States 154,144 48.14697 -103.61797 14,716 Williston
11%
Canada 173,822 51.2167 -102.46766 15,669 Yorkton
11%
United States 121,121 37.46945 -105.87002 8,780 Alamosa
10%
United States 163,446 43.58626 -119.0541 2,806 Burns
10%
Canada 180,132 49.49991 -115.76879 18,610 Cranbrook
10%
Canada 119,219 49.13337 -102.98422 9,904 Estevan
10%
Canada 167,551 48.93324 -55.66492 12,076 Grand Falls-Windsor
10%
Canada 134,108 60.75216 -137.51082 1,148 Haines Junction
10%
United States 167,821 48.55 -109.68409 9,310 Havre
10%
United States 103,152 37.04308 -100.921 20,525 Liberal
10%
Canada 114,805 47.02895 -65.50186 18,129 Miramichi
10%
Canada 134,951 52.77972 -108.2967 19,440 North Battleford
10%
United States 112,209 42.45778 -98.64759 3,705 O'Neill
10%
Canada 153,748 56.2501 -117.28599 5,340 Peace River
10%
United States 105,183 31.42291 -103.49323 8,780 Pecos
10%
United States 110,993 35.62246 -117.6709 27,616 Ridgecrest
10%
Canada 102,595 47.82699 -69.54243 18,586 Riviere-du-Loup
10%
United States 110,201 40.41628 -120.65301 17,947 Susanville
10%
Canada 161,887 50.28337 -107.80135 14,703 Swift Current
10%
United States 120,804 37.16946 -104.50054 9,096 Trinidad
10%
United States 119,283 40.45552 -109.52875 9,089 Vernal
10%
United States 166,933 40.97296 -117.73568 7,396 Winnemucca
10%
United States 115,387 41.48711 -120.54246 2,827 Alturas
9%
United States 104,193 36.90856 -116.75923 1,010 Beatty
9%
Canada 105,021 50.58341 -111.88509 12,744 Brooks
9%
United States 107,842 31.70932 -98.99116 19,288 Brownwood
9%
Canada 116,533 47.57021 -59.13674 4,220 Channel-Port aux Basques
9%
United States 134,186 48.11278 -98.86512 6,811 Devils Lake
9%
Canada 112,264 46.38336 -82.63315 12,508 Elliot Lake
9%
Canada 134,886 48.59988 -93.4003 7,931 Fort Frances
9%
United States 101,911 38.52464 -118.62458 3,269 Hawthorne
9%
Canada 112,283 52.85003 -102.38425 1,661 Hudson Bay
9%
United States 161,045 38.45647 -82.69238 288,649 Ironville
9%
United States 154,010 38.08723 -102.62075 7,804 Lamar
9%
United States 108,761 37.64855 -118.97208 8,234 Mammoth Lakes
9%
Denmark 148,453 65.41667 -52.9 2,866 Maniitsoq
9%
United States 100,794 44.91101 -116.09874 2,991 McCall
9%
United States 244,998 70.2175 -150.97639 3,402 Nuiqsut
9%
United States 102,513 41.02001 -92.4113 25,023 Ottumwa
9%
United States 110,860 30.71017 -101.20067 3,225 Ozona
9%
Canada 131,414 45.89452 -77.28007 15,988 Petawawa
9%
United States 141,750 41.79107 -107.23866 9,259 Rawlins
9%
Canada 157,342 51.01676 -93.83374 4,366 Red Lake
9%
United States 136,025 38.77247 -112.08409 7,551 Richfield
9%
United States 169,605 43.02496 -108.3801 10,615 Riverton
9%
United States 119,353 34.25421 -110.02983 10,660 Show Low
9%
United States 139,104 40.48498 -106.83172 12,088 Steamboat Springs
9%
United States 128,839 40.62554 -103.20771 14,777 Sterling
9%
United States 110,426 36.13499 -111.23986 8,611 Tuba City
9%
United States 118,683 31.03986 -104.83077 2,063 Van Horn
9%
United States 127,778 40.7391 -114.07334 4,410 West Wendover
9%
United States 135,675 36.43365 -99.39039 12,051 Woodward
9%
Canada 102,203 48.64989 -53.11474 3,658 Bonavista
8%
United States 100,353 45.44388 -105.40749 468 Broadus
8%
Canada 114,552 47.61668 -57.61516 1,627 Burgeo
8%
Canada 193,217 49.91684 -74.36586 7,563 Chibougamau
8%
United States 125,295 63.87217 -145.21773 2,251 Deltana
8%
Canada 115,774 53.88335 -119.13585 4,025 Grande Cache
8%
Canada 121,704 49.73343 -87.16668 4,200 Greenstone
8%
Canada 169,241 50.24342 -63.60264 2,966 Havre-Saint-Pierre
8%
Canada 103,832 55.4334 -116.4858 2,878 High Prairie
8%
United States 116,869 60.41833 -151.29 7,850 Kalifornsky
8%
Canada 132,875 49.41694 -82.43308 9,240 Kapuskasing
8%
United States 109,164 36.72778 -110.25458 5,189 Kayenta
8%
Canada 157,807 51.46681 -109.16818 4,249 Kindersley
8%
United States 149,793 47.06247 -109.42824 5,901 Lewistown
8%
Canada 119,568 54.13348 -108.43471 4,281 Meadow Lake
8%
United States 130,043 45.53722 -100.42791 3,465 Mobridge
8%
Canada 112,316 46.55011 -75.4993 13,405 Mont-Laurier
8%
United States 119,205 48.50526 -111.85697 3,376 Shelby
8%
Canada 139,295 55.28344 -114.76896 7,661 Slave Lake
8%
Denmark 167,335 70.67472 -52.12639 1,299 Uummannaq
8%
United States 101,736 30.40409 -89.0942 71,329 West Gulfport
8%
United States 117,062 43.37667 -99.85901 2,897 Winner
8%
United States 103,872 44.0169 -107.95537 5,487 Worland
8%
Canada 129,151 52.1058 -101.26759 4,198 Swan River
7%
Canada 130,343 54.15015 -115.68548 8,763 Whitecourt
7%
No matching quizzes found
Score Distribution
Percent of People with Each Score
Percentile by Number Answered
Your Score History
You have not taken this quiz since the last reset